El libro de las tortugas

Guardat en:
Dades bibliogràfiques
Autor principal: Santiago, Gustavo (Autor)
Format: Llibre
Idioma:espanyol
Publicat: Buenos Aires Ediciones Novedades Educativas 2003
Edició:1a. ed
Matèries:
Etiquetes: Afegir etiqueta
Sense etiquetes, Sigues el primer a etiquetar aquest registre!

MARC

LEADER 00000cam a2200000 a 4500
001 UCC3452
003 CL-VaPUC
008 180518e20030000ag |||||||||||||||||spa|d
020 |a 9875380741 
082 0 4 |a 808.0683  |b SAN  |2 21 
100 0 |a Santiago, Gustavo  |e author  |9 597433 
245 1 3 |a El libro de las tortugas 
250 |a 1a. ed 
300 |a 61 p 
942 |c BK 
945 |d 20180518 12:56:00  |a dcastane 
260 |a Buenos Aires  |b Ediciones Novedades Educativas  |c 2003 
650 7 |a FILOSOFIA PARA NIÑOS  |2 CL-VaPUC  |9 597434 
650 0 |a Literatura infantil   |9 307465 
583 |a last modification  |c 20180518 12:56:00  |k Rodrigo Vera 
999 |c 371150  |d 371148 
952 |0 0  |1 0  |3 erb  |4 0  |6 808_068300000000000_SAN_2003  |7 0  |8 A  |9 488048  |a BIBEDU  |b BIBEDU  |i 5470323  |o 808.0683 SAN 2003  |p 5470323  |r 2019-11-24  |w 2019-11-24  |y BK  |z Catalogado en:20180518  |k FIL